Sports Quiz

Random Sports or Baseball Quiz

MLB All-Star Catchers (AL) Quiz Stats

 Plays Quiz Updated Jul 19, 2018

Challenge
Share
Tweet
Embed
Score 0/89 Timer 10:00
2 Plays Today
Year Name % Correct
1993Ivan Rodriguez
95.9%
1994Ivan Rodriguez
95.9%
1995Ivan Rodriguez
95.9%
1996Ivan Rodriguez
95.9%
1997Ivan Rodriguez
95.9%
1998Ivan Rodriguez
95.9%
1999Ivan Rodriguez
95.9%
2000Ivan Rodriguez
95.9%
2001Ivan Rodriguez
95.9%
2004Ivan Rodriguez
95.9%
2006Ivan Rodriguez
95.9%
2007Ivan Rodriguez
95.9%
2008Joe Mauer
94.1%
2009Joe Mauer
94.1%
2013Joe Mauer
92.9%
2010Joe Mauer
91.3%
2002Jorge Posada
89.8%
2003Jorge Posada
89.8%
1950Yogi Berra
89.7%
1951Yogi Berra
89.7%
1952Yogi Berra
89.7%
1953Yogi Berra
89.7%
1954Yogi Berra
89.7%
1955Yogi Berra
89.7%
1956Yogi Berra
89.7%
1957Yogi Berra
89.7%
1959 (2)Yogi Berra
89.7%
1960 (1)Yogi Berra
89.7%
1960 (2)Yogi Berra
89.7%
2017Salvador Pérez
79.5%
Year Name % Correct
2005Jason Varitek
77.1%
2017Salvador Pérez
76.5%
1973Carlton Fisk
76.3%
1977Carlton Fisk
76.3%
1978Carlton Fisk
76.3%
1980Carlton Fisk
76.3%
1981Carlton Fisk
76.3%
1982Carlton Fisk
76.3%
1985Carlton Fisk
76.3%
2016Salvador Pérez
74%
2015Salvador Pérez
72.3%
1990Sandy Alomar
68.9%
1991Sandy Alomar
68.9%
1992Sandy Alomar
68.9%
1974Thurman Munson
67.3%
1975Thurman Munson
67.3%
1976Thurman Munson
67.3%
2014Salvador Pérez
62.2%
1988Terry Steinbach
45.4%
1989Terry Steinbach
45.4%
2011Alex Avila
44.3%
1984Lance Parrish
44.1%
1986Lance Parrish
44.1%
2012Mike Napoli
41.6%
1934Bill Dickey
41.1%
1937Bill Dickey
41.1%
1938Bill Dickey
41.1%
1939Bill Dickey
41.1%
1940Bill Dickey
41.1%
1941Bill Dickey
41.1%
Year Name % Correct
1964Elston Howard
35.5%
1966Bill Freehan
31.8%
1967Bill Freehan
31.8%
1968Bill Freehan
31.8%
1969Bill Freehan
31.8%
1970Bill Freehan
31.8%
1971Bill Freehan
31.8%
1972Bill Freehan
31.8%
1983Ted Simmons
27.4%
1979Darrell Porter
26.9%
1962 (1)Earl Battey
14.6%
1962 (2)Earl Battey
14.6%
1963Earl Battey
14.6%
1965Earl Battey
14.6%
1987Terry Kennedy
11.6%
1958Gus Triandos
11.4%
1959 (1)Gus Triandos
11.4%
1933Rick Ferrell
9.4%
1936Rick Ferrell
9.4%
1961 (1)Johnny Romano
6.5%
1961 (2)Johnny Romano
6.5%
1942Birdie Tebbetts
5%
1949Birdie Tebbetts
5%
1947Buddy Rosar
3.7%
1948Buddy Rosar
3.7%
1935Rollie Hemsley
3.2%
1944Rollie Hemsley
3.2%
1946Frankie Hayes
3%
1943Jake Early
2.5%

You're not logged in!

Compare scores with friends on all Sporcle quizzes.
Join for Free
OR
Log In

You Might Also Like...

Show Comments

Extras

Top Quizzes Today


Score Distribution

Your Account Isn't Verified!

In order to create a playlist on Sporcle, you need to verify the email address you used during registration. Go to your Sporcle Settings to finish the process.

Report this User

Report this user for behavior that violates our Community Guidelines.

Details: